Premier League: Free Fallin' Quiz Stats

Quiz Updated Mar 17, 2018

Challenge
Share
Tweet
Embed
Score 0/21 Timer 06:00
11 Plays Today
Lowest Division Played In Since Football Club % Correct
League Two (2013-2017)Portsmouth
84.8%
League One (2007-2010)Leeds United
78.8%
League One (2017-)Blackburn Rovers
77.2%
League One (2011-2017)Sheffield United
72.2%
League One (2016-2017)Bolton Wanderers
71.4%
League One (2003-2005, 2010-2012)Sheffield Wednesday
70.8%
League One (2015-2016, 2017-)Wigan Athletic
69.2%
League Two (2016-2017)Blackpool
68.9%
League One (2009-2011)Southampton
65.1%
League One (2013-2014)Wolverhampton Wanderers
64.8%
League One (2009-2012, 2016-)Charlton Athletic
63.1%
Lowest Division Played In Since Football Club % Correct
League One (2009-2010)Norwich City
62.4%
League Two (2017-)Coventry City
59%
League One (2005-2008)Nottingham Forest
58.4%
League Two (2007-2013)Bradford City
57.6%
League One (2002-2006, 2014-2016)Barnsley
56.6%
League One (1997-)Oldham Athletic
56.4%
League One (2008-2009)Leicester City
55.7%
League Two (2006-2007, 2011-2012, 2017-)Swindon Town
54.9%
League One (2001-2004)Queens Park Rangers
53.5%
League One (1998-1999)Manchester City
53%

You're not logged in!

Compare scores with friends on all Sporcle quizzes.
Sign Up with Email
OR
Log In

You Might Also Like...

Show Comments

Extras

Top Quizzes Today


Score Distribution

Your Account Isn't Verified!

In order to create a playlist on Sporcle, you need to verify the email address you used during registration. Go to your Sporcle Settings to finish the process.

Report this User

Report this user for behavior that violates our Community Guidelines.

Details: